00885nam a22002297a 45000010005000000030006000050050017000110080041000280200018000690400029000870500015001160820011001311000029001422450090001712500033002612600043002943000044003375200164003816500030005456500048005757000032006234445FISKH20250423142251.0240910b cb ||||| |||| 00| 0 eng d a9780761451518 aFISKHbengcFISKHdFISKH aPS3558.U22 2811.54 aHubbell, Patriciad1928- aBoo! halloween poems and limericks /cPatricia Hubbell illustrations by Jeff Spackman aFirst paperback edition 2003 aNew York :bMarshall Cavendish,c1998. a40 pages :bColor illustrations ;c28cm aA collection of limericks and other poems about Halloween, including "Halloween Scarecrow," "There Once Was a Witch from North Dublin," and "Pumpkin Surprise." 2HalloweenaScaryvWitches 2SkeletonsaGoblinsvChildren's picture book aSpackman, JeffdIllustrator